000 00240nam a2200097Ia 4500
008 230508s2008 xx 000 0 und d
041 _aeng
100 _aSEDHA R S
245 _aTEXTBOOK OF APPLIED ELECTRONICS
260 _bS CHAND
_c2008
_g2008
999 _c326884
_d326884